000 01250cam a22002054a 4500
005 20250605164003.0
008 250528s ||||||||||||||||||||||||d
035 _a15718
020 _a582085764
040 _aGR-AtMCL
_bgre
_dGR-AtMCL
_eAACR2
245 1 _aInternational Business Economics / A European Perspective
260 _bLongman,
_c1993
300 _a404
520 _aThis book has been designed to meet the needs of students on business courses who require an understanding of the economic foundations of the international business environment, particularly within the context of moves towards greater economic and political union in Europe. Acknowledgements, Introduction, Nature and Growth of International Business, The Environment of International Business, International Trade, The Protection of Trade, Economic Integration, Key Community Policies, The Single European Market and Beyond, Functioning of Foreign Exchange Markets, International Banking and Capital Markets, The Structure of International Industry, Foreign Direct Investment (FDI), Global Business Policy and Strategy, Conclusion, Index.
700 1 _aCook Mark
_91652
700 1 _aPiggott Judith
_91678
942 _cBK
999 _c1274
_d1274